Places To Study

There are group study rooms, individual study carrels, computer labs, and other spaces to study in the Libraries.

Reserve A Group Room

Online Resources

Access thousands of eBooks, audiobooks, and online journals from the comfort of your home.

Explore Resources

Events and Workshops

Join our upcoming events and workshops to enhance your skills and knowledge.

View Events

နိဗ္ဗာနဒီပနီနှင့် နိဗ္ဗာနဝသဇ္ဇနာကျမ်း / (Record no. 2678)

MARC details
000 -LEADER
fixed length control field 00854nam a22001817a 4500
003 - CONTROL NUMBER IDENTIFIER
control field OSt
005 - DATE AND TIME OF LATEST TRANSACTION
control field 20251208145105.0
008 - FIXED-LENGTH DATA ELEMENTS--GENERAL INFORMATION
fixed length control field 251208b |||||||| |||| 00| 0 eng d
040 ## - CATALOGING SOURCE
Transcribing agency DCL
082 ## - DEWEY DECIMAL CLASSIFICATION NUMBER
Classification number ၂၉၄.၃၈၂၄
100 0# - MAIN ENTRY--PERSONAL NAME
Personal name လယ်တီဆရာတော်ဘုရားကြီး။
245 10 - TITLE STATEMENT
Title နိဗ္ဗာနဒီပနီနှင့် နိဗ္ဗာနဝသဇ္ဇနာကျမ်း /
Statement of responsibility, etc. လယ်တီဆရာတော်ဘုရားကြီး။
250 ## - EDITION STATEMENT
Edition statement ဒုတိယအကြိမ်။
264 ## - PRODUCTION, PUBLICATION, DISTRIBUTION, MANUFACTURE, AND COPYRIGHT NOTICE
Place of production, publication, distribution, manufacture ရန်ကုန် ၊
Name of producer, publisher, distributor, manufacturer လင်းဇင်းစာအုပ်တိုက်၊
Date of production, publication, distribution, manufacture, or copyright notice ၂၀၀၈။
300 ## - PHYSICAL DESCRIPTION
Extent ၂၀၈ စာမျက်နှာ ၊
Dimensions ၂၂ စင်တီ။
650 ## - SUBJECT ADDED ENTRY--TOPICAL TERM
Topical term or geographic name entry element နိဗ္ဗာန်
942 ## - ADDED ENTRY ELEMENTS (KOHA)
Source of classification or shelving scheme Dewey Decimal Classification
Koha item type Short Term
Suppress in OPAC No
Holdings
Withdrawn status Lost status Source of classification or shelving scheme Damaged status Not for loan Collection Accession No. Home library Current library Shelving location Date acquired Total checkouts Full call number Barcode Date last seen Price effective from Koha item type
    Dewey Decimal Classification     Myanmar Collection ၆၅၀၄ Dhammadhara Dhammadhara Myanmar Shelves 08/12/2025   ၂၉၄.၃၈၂၄ လယ် ၆၅၀၄ MB00006504 08/12/2025 08/12/2025 Short Term